Catálogo
 En Linea

Dialogo entre esposos / (Registro nro. 29661)

Detalles MARC
000 -CABECERA
campo de control de longitud fija 00383nam a2200133 a 4500
001 - NÚMERO DE CONTROL
campo de control 000030169
005 - FECHA Y HORA DE LA ÚLTIMA TRANSACCIÓN
campo de control 20200930060112.0
008 - DATOS DE LONGITUD FIJA--INFORMACIÓN GENERAL
campo de control de longitud fija 110503s19uu dr ac 000 0 spa d
040 ## - FUENTE DE LA CATALOGACIÓN
Centro catalogador/agencia de origen DO-SdBNP
Lengua de catalogación spa
Centro/agencia transcriptor BNPHU
100 1# - ENTRADA PRINCIPAL--NOMBRE DE PERSONA
Nombre de persona Varona, G.
9 (RLIN) 56881
245 10 - MENCIÓN DE TÍTULO
Título Dialogo entre esposos /
Mención de responsabilidad, etc. G. Varona.
260 ## - PUBLICACIÓN, DISTRIBUCIÓN, ETC.
Lugar de publicación, distribución, etc. [Santo Domingo]
-- [s.n.]
-- [19-?].
300 ## - DESCRIPCIÓN FÍSICA
Extensión [34 p.] ; :
Otras características físicas ils., retrs. ;
Dimensiones 26 cm.
Existencias
Estado de retiro Estado de pérdida No para préstamo Código de colección Localización permanente Ubicación/localización actual Ubicación en estantería Fecha de adquisición Número de inventario Total de préstamos Signatura topográfica completa Código de barras Fecha visto por última vez Precio válido a partir de Tipo de ítem Koha
    Excluido de préstamo Patrimonio Dominicano General General En catalogación 03.05.2011 LF1   30169-10 25.06.2020 25.06.2020 Libro y Folleto Colección Patrimonio Dominicano

Con tecnología Koha